[Event "Landesliga Sued 1011"]
[Site "Bayern"]
[Date "2010.10.24"]
[Round "2.8"]
[White "Gergen, Harald"]
[Black "Garbotz, Julian"]
[Result "1-0"]
[WhiteElo "1986"]
[BlackElo "1897"]
[PlyCount "113"]
[EventDate "2010.10.10"]
[EventType "team-tourn"]
[EventRounds "9"]
[EventCountry "GER"]
[SourceTitle "EXT 2012"]
[Source "ChessBase"]
[SourceDate "2011.11.24"]
[SourceVersion "1"]
[SourceVersionDate "2011.11.24"]
[SourceQuality "1"]
[WhiteTeam "Kriegshaber"]
[BlackTeam "Muenchen Zugzwang"]
[WhiteTeamCountry "GER"]
[BlackTeamCountry "GER"]

1. e4 c5 2. Nf3 d6 3. d4 cxd4 4. Nxd4 Nf6 5. Nc3 a6 6. Bg5 e6 7. f4 Be7 8. Qf3 Qc7 9. 0-0-0 Nbd7 10. g4 b5 11. Bxf6 Nxf6 12. g5 Nd7 13. f5 Bxg5+ 14. Kb1 Ne5 15. Qh5 Qd8 16. Rg1 Bf6 17. fxe6 0-0 18. Bh3 Kh8 19. Nd5 g6 20. Qe2 fxe6 21. Bxe6 Bg7 22. Bxc8 Qxc8 23. Nb6 Qb7 24. Nxa8 Rxa8 25. Ne6 Bf6 26. Rgf1 Qe7 27. Qf2 Ng4 28. Qf4 Qxe6 29. Rxd6 Qe5 30. Rxf6 Qxf6 31. Qxf6+ Nxf6 32. Rxf6 Kg7 33. e5 a5 34. Rb6 b4 35. c3 bxc3 36. bxc3 Rc8 37. Kc2 Rc5 38. Rb7+ Kf8 39. Rxh7 Rxe5 40. Kd3 Kg8 41. Ra7 Rh5 42. c4 Kf8 43. a4 Ke8 44. Kd4 Rxh2 45. Rxa5 Rh4+ 46. Kc3 Kd7 47. Rg5 Rh6 48. Kb4 Kc6 49. a5 Kb7 50. Rb5+ Kc6 51. Rb6+ Kc7 52. Rf6 Kb7 53. Kb5 Rh5+ 54. c5 Rg5 55. Rf7+ Kb8 56. Kb6 Kc8 57. c6 1-0

[Event "Regionalliga SW 0708"]
[Site "Bayern"]
[Date "2007.10.21"]
[Round "1.7"]
[White "Gergen, Harald"]
[Black "Czap, Bernhard"]
[Result "1-0"]
[WhiteElo "1968"]
[BlackElo "2074"]
[PlyCount "55"]
[EventDate "2007.10.21"]
[EventType "team-tourn"]
[EventRounds "9"]
[EventCountry "GER"]
[SourceTitle "EXT 2009"]
[Source "ChessBase"]
[SourceDate "2008.11.26"]
[SourceVersion "1"]
[SourceVersionDate "2008.11.26"]
[SourceQuality "1"]
[WhiteTeam "Kriegshaber"]
[BlackTeam "Unterhaching"]
[WhiteTeamCountry "GER"]
[BlackTeamCountry "GER"]

1. e4 d6 2. d4 Nf6 3. Nc3 g6 4. Nf3 Bg7 5. Be2 0-0 6. 0-0 Bg4 7. Be3 e5 8. Re1 Nc6 9. d5 Ne7 10. Nd2 Bd7 11. a4 h5 12. f3 Nh7 13. Ra3 f5 14. Rb3 b6 15. Ba6 f4 16. Bf2 g5 17. Nb5 Nf6 18. Rc3 Ne8 19. Qe2 Rf7 20. Qc4 c5 21. dxc6 Bxc6 22. Rd3 d5 23. Qb3 Nc7 24. Nxc7 Qxc7 25. exd5 Bxd5 26. Rxd5 Nxd5 27. Bc4 Rd8 28. Bxd5 1-0

[Event "Landesliga Sued 0607"]
[Site "Bayern"]
[Date "2006.12.10"]
[Round "4.8"]
[White "Shahin, Walid"]
[Black "Gergen, Harald"]
[Result "1-0"]
[WhiteElo "1950"]
[BlackElo "1954"]
[PlyCount "101"]
[EventDate "2006.10.15"]
[EventType "team-tourn"]
[EventRounds "9"]
[EventCountry "GER"]
[SourceTitle "EXT 2008"]
[Source "ChessBase"]
[SourceDate "2007.11.25"]
[SourceVersion "1"]
[SourceVersionDate "2007.11.25"]
[SourceQuality "1"]
[WhiteTeam "Weilheim"]
[BlackTeam "Kriegshaber"]
[WhiteTeamCountry "GER"]
[BlackTeamCountry "GER"]

1. d4 d5 2. c4 c6 3. Nf3 Nf6 4. e3 e6 5. Nc3 Nbd7 6. Bd3 dxc4 7. Bxc4 b5 8. Bd3 Be7 9. 0-0 0-0 10. e4 b4 11. Na4 Re8 12. e5 Nd5 13. Qc2 Nf8 14. Qxc6 Bd7 15. Qc2 Qa5 16. Nc5 Bxc5 17. dxc5 Rec8 18. Qe2 Qxc5 19. Ng5 Qe7 20. Ne4 Be8 21. Bg5 f6 22. exf6 gxf6 23. Bh6 Bg6 24. Ng3 Qd6 25. Rfe1 Nf4 26. Bxf4 Qxf4 27. Rad1 Rc5 28. Bxg6 hxg6 29. Ne4 Rd5 30. g3 Qf5 31. Nd6 Qh5 32. Qxh5 Rxh5 33. Rc1 Rd8 34. Ne4 Kf7 35. Rc7+ Rd7 36. Rec1 Rhd5 37. Kf1 Ke7 38. a3 bxa3 39. bxa3 e5 40. h4 Ne6 41. Rxd7+ Rxd7 42. Rc6 Rd1+ 43. Kg2 f5 44. Nc5 Rd6 45. Rxd6 Kxd6 46. Nxe6 Kxe6 47. f3 e4 48. fxe4 fxe4 49. g4 Ke5 50. Kg3 Kd4 51. Kf2 1-0

[Event "Landesliga Sued 0405"]
[Site "Bayern"]
[Date "2005.01.16"]
[Round "5.7"]
[White "Schmidt, Anton"]
[Black "Gergen, Harald"]
[Result "1-0"]
[WhiteElo "2038"]
[BlackElo "2013"]
[PlyCount "105"]
[EventDate "2004.10.24"]
[EventType "team-tourn"]
[EventRounds "9"]
[EventCountry "GER"]
[SourceTitle "EXT 2007"]
[Source "ChessBase"]
[SourceDate "2006.11.23"]
[SourceVersion "1"]
[SourceVersionDate "2006.11.23"]
[SourceQuality "1"]
[WhiteTeam "Groebenzell"]
[BlackTeam "Kriegshaber SK"]
[WhiteTeamCountry "GER"]
[BlackTeamCountry "GER"]

1. d4 d6 2. c4 e5 3. Nf3 Nc6 4. Nc3 exd4 5. Nxd4 Nf6 6. e4 Bd7 7. Be2 Be7 8. Be3 a6 9. Nc2 h6 10. 0-0 Qc8 11. f3 Ne5 12. b4 Be6 13. Nd5 Bd8 14. Nd4 c6 15. Nxe6 Qxe6 16. Nf4 Qe7 17. a4 Bc7 18. b5 Nfd7 19. Rb1 axb5 20. cxb5 0-0 21. Qc2 Rfc8 22. bxc6 bxc6 23. Rb7 Qd8 24. Rfb1 Rcb8 25. Bd1 Qc8 26. Rxb8 Rxb8 27. Ne2 Qa6 28. Rxb8+ Bxb8 29. Nd4 Nc4 30. Bf2 Ba7 31. Be2 d5 32. Bf1 Nde5 33. h3 Qb7 34. f4 Na3 35. Qb3 Qxb3 36. Nxb3 Bxf2+ 37. Kxf2 Nec4 38. exd5 cxd5 39. a5 Nb5 40. a6 Kf8 41. Na5 Ncd6 42. Nc6 Nc7 43. Bd3 Ke8 44. Ke3 Kd7 45. Nb4 f6 46. g3 g5 47. fxg5 fxg5 48. Kd4 Ke6 49. g4 Nf7 50. Nxd5 Na8 51. Kc5 Nd8 52. Bf5+ Ke5 53. Bc8 1-0

[Event "Landesliga Sued 0304"]
[Site "Bayern"]
[Date "2004.03.07"]
[Round "7.6"]
[White "Gergen, Harald"]
[Black "Grimberg, Mikhail"]
[Result "1-0"]
[WhiteElo "1987"]
[BlackElo "1907"]
[PlyCount "65"]
[EventDate "2003.10.12"]
[EventType "team-tourn"]
[EventRounds "9"]
[EventCountry "GER"]
[SourceTitle "EXT 2006"]
[Source "ChessBase"]
[SourceDate "2005.11.24"]
[SourceVersion "1"]
[SourceVersionDate "2005.11.24"]
[SourceQuality "1"]
[WhiteTeam "Kriegshaber"]
[BlackTeam "Haunstetten"]
[WhiteTeamCountry "GER"]
[BlackTeamCountry "GER"]

1. e4 c5 2. Nf3 d6 3. d4 cxd4 4. Nxd4 Nc6 5. Nc3 Nf6 6. Bg5 e6 7. Qd2 a6 8. 0-0-0 Be7 9. Be2 0-0 10. f4 d5 11. Bf3 dxe4 12. Nxc6 bxc6 13. Qxd8 Rxd8 14. Nxe4 Rb8 15. Rxd8+ Bxd8 16. Rd1 Be7 17. Nxf6+ gxf6 18. Bh6 c5 19. Rd3 f5 20. b3 Rb6 21. Bh5 Bh4 22. Rh3 Bf2 23. Kd2 Bb7 24. Ke2 Bxg2 25. Rd3 Bh4 26. Rd7 e5 27. Bxf7+ Kh8 28. Bg5 Bxg5 29. fxg5 Rb7 30. Rd8+ Kg7 31. Be6 h6 32. Rg8+ Kh7 33. g6# 1-0

[Event "Landesliga Sued 0304"]
[Site "Bayern"]
[Date "2004.01.18"]
[Round "5.7"]
[White "Gerstner, Bernhard"]
[Black "Gergen, Harald"]
[Result "0-1"]
[WhiteElo "2008"]
[BlackElo "1987"]
[PlyCount "74"]
[EventDate "2003.10.12"]
[EventType "team-tourn"]
[EventRounds "9"]
[EventCountry "GER"]
[SourceTitle "EXT 2006"]
[Source "ChessBase"]
[SourceDate "2005.11.24"]
[SourceVersion "1"]
[SourceVersionDate "2005.11.24"]
[SourceQuality "1"]
[WhiteTeam "Ingolstadt"]
[BlackTeam "Kriegshaber"]
[WhiteTeamCountry "GER"]
[BlackTeamCountry "GER"]

1. d4 d5 2. c4 e6 3. Nc3 Nf6 4. Bg5 Be7 5. e3 c6 6. Qc2 Nbd7 7. Nf3 Qa5 8. Bd3 dxc4 9. Bxc4 b5 10. Bb3 Bb7 11. 0-0 0-0 12. Ne4 c5 13. Bxf6 Bxe4 14. Qxe4 Bxf6 15. Rfd1 cxd4 16. Bc2 g6 17. Nxd4 Bxd4 18. Rxd4 Qc7 19. Rad1 Nc5 20. Qh4 Kg7 21. Rd6 a5 22. Qd4+ Kg8 23. Bb1 Rac8 24. h4 Qe7 25. h5 Qg5 26. hxg6 hxg6 27. f4 Qg3 28. Rf1 Nb7 29. Rd7 Nc5 30. Rd6 Nb7 31. Rb6 Rfd8 32. Qe4 Nd6 33. Qf3 Qxf3 34. Rxf3 Nc4 35. Rxb5 Nd2 36. Rg3 Rc1+ 37. Kf2 Rxb1 0-1

[Event "Landesliga Sued 0304"]
[Site "Bayern"]
[Date "2003.12.14"]
[Round "4.7"]
[White "Gergen, Harald"]
[Black "Marquardt, Christian"]
[Result "1/2-1/2"]
[WhiteElo "1987"]
[BlackElo "2060"]
[PlyCount "34"]
[EventDate "2003.10.12"]
[EventType "team-tourn"]
[EventRounds "9"]
[EventCountry "GER"]
[SourceTitle "EXT 2006"]
[Source "ChessBase"]
[SourceDate "2005.11.24"]
[SourceVersion "1"]
[SourceVersionDate "2005.11.24"]
[SourceQuality "1"]
[WhiteTeam "Kriegshaber"]
[BlackTeam "Tegernsee II"]
[WhiteTeamCountry "GER"]
[BlackTeamCountry "GER"]

1. e4 c6 2. d4 d5 3. Nc3 dxe4 4. Nxe4 Nf6 5. Nxf6+ gxf6 6. c3 Bf5 7. Ne2 h5 8. Ng3 Bg4 9. Be2 Bxe2 10. Qxe2 Qd5 11. Qe4 h4 12. Qxd5 cxd5 13. Ne2 e6 14. Be3 Bd6 15. 0-0-0 Nd7 16. g4 hxg3 17. hxg3 Ke7 1/2-1/2

[Event "Landesliga Sued 0304"]
[Site "Bayern"]
[Date "2003.11.23"]
[Round "3.7"]
[White "Lipok, Erik"]
[Black "Gergen, Harald"]
[Result "1-0"]
[WhiteElo "2050"]
[BlackElo "1987"]
[PlyCount "107"]
[EventDate "2003.10.12"]
[EventType "team-tourn"]
[EventRounds "9"]
[EventCountry "GER"]
[SourceTitle "EXT 2006"]
[Source "ChessBase"]
[SourceDate "2005.11.24"]
[SourceVersion "1"]
[SourceVersionDate "2005.11.24"]
[SourceQuality "1"]
[WhiteTeam "Waldkirch"]
[BlackTeam "Kriegshaber"]
[WhiteTeamCountry "GER"]
[BlackTeamCountry "GER"]

1. d4 d5 2. Nf3 Nf6 3. e3 e6 4. Bd3 Nbd7 5. b3 Bd6 6. Bb2 0-0 7. Nbd2 c5 8. Ne5 Bc7 9. Nxd7 Nxd7 10. Qh5 g6 11. Qh6 cxd4 12. 0-0 e5 13. f4 dxe3 14. Nf3 Qf6 15. fxe5 Qh8 16. Qxe3 Re8 17. Rae1 f6 18. exf6 Rxe3 19. f7+ Kxf7 20. Bxh8 Rxe1 21. Rxe1 h6 22. Nh4 Nf8 23. Bb2 g5 24. Nf5 Bxf5 25. Bxf5 Bb6+ 26. Kf1 Re8 27. Rxe8 Kxe8 28. Bc8 Bc7 29. h3 b6 30. Bb7 Nd7 31. Bxd5 Ne5 32. Ke2 Ng6 33. Be4 Ne5 34. Ke3 Ke7 35. Bf5 Nf7 36. Bd3 Bf4+ 37. Ke4 Kd6 38. Bg7 h5 39. Be2 h4 40. Bh5 Ne5 41. Kf5 Nc6 42. Bf3 Ne7+ 43. Ke4 Ke6 44. c4 Kd6 45. Bc3 Bc1 46. Bb4+ Ke6 47. Bg4+ Kf6 48. Bd6 Bb2 49. Bd7 Ng6 50. Bb8 Nf8 51. Bf5 a6 52. Bc7 b5 53. cxb5 axb5 54. Bd8+ 1-0

[Event "Seefeld op 14th"]
[Site "Seefeld"]
[Date "2003.09.16"]
[Round "4"]
[White "Dittmar, Peter"]
[Black "Gergen, Harald"]
[Result "1/2-1/2"]
[WhiteElo "2349"]
[BlackElo "1987"]
[PlyCount "69"]
[EventDate "2003.09.13"]
[EventType "swiss"]
[EventRounds "9"]
[EventCountry "AUT"]
[SourceTitle "CBM 097 Extra"]
[Source "ChessBase"]
[SourceDate "2004.01.13"]
[SourceVersion "1"]
[SourceVersionDate "2004.01.13"]
[SourceQuality "1"]

1. Nf3 d5 2. c4 c6 3. e3 Nf6 4. Nc3 e6 5. b3 Nbd7 6. Bb2 Bd6 7. Be2 0-0 8. 0-0 Qe7 9. Qc2 Re8 10. Rac1 a6 11. d3 e5 12. cxd5 cxd5 13. e4 Nb6 14. Rfe1 d4 15. Nb1 a5 16. a4 h6 17. Nbd2 Be6 18. Nc4 Nxc4 19. bxc4 Nd7 20. Ra1 f5 21. exf5 Bxf5 22. Bf1 Qf6 23. Nd2 Nc5 24. Ba3 Qg6 25. Bxc5 Bxc5 26. Ne4 Bb4 27. Red1 Bxe4 28. dxe4 Bc5 29. Rab1 b6 30. Rb3 Rf8 31. Bd3 Rf6 32. Qe2 Raf8 33. Rf1 Qe8 34. Rb5 Qf7 35. Rb2 1/2-1/2

[Event "Oberliga Bayern 0203"]
[Site "Bayern"]
[Date "2002.12.15"]
[Round "3.8"]
[White "Gergen, Harald"]
[Black "Ewald, Alexander"]
[Result "1-0"]
[WhiteElo "1991"]
[BlackElo "2181"]
[PlyCount "51"]
[EventDate "2002.10.20"]
[EventType "team"]
[EventRounds "9"]
[EventCountry "GER"]
[SourceTitle "EXT 2004"]
[Source "ChessBase"]
[SourceDate "2003.11.25"]
[SourceVersion "1"]
[SourceVersionDate "2003.11.25"]
[SourceQuality "1"]
[WhiteTeam "Kriegshaber"]
[BlackTeam "Regensburg Fortuna"]
[WhiteTeamCountry "GER"]
[BlackTeamCountry "GER"]

1. e4 c5 2. Nf3 d6 3. d4 cxd4 4. Nxd4 Nf6 5. Nc3 a6 6. Bg5 e6 7. f4 Qc7 8. Qf3 b5 9. Bxf6 gxf6 10. e5 d5 11. exf6 Nd7 12. Bd3 Bb4 13. 0-0 Bxc3 14. bxc3 Nb6 15. Rae1 Kd8 16. f5 e5 17. Rxe5 Bd7 18. Qe3 Qxc3 19. Ne6+ Kc8 20. Qxb6 fxe6 21. fxe6 Qxe5 22. exd7+ Kxd7 23. Bf5+ Ke8 24. Qc6+ Kf7 25. Qd7+ Kxf6 26. Bd3+ 1-0

[Event "Landesliga Sued 0102"]
[Site "Bayern"]
[Date "2002.04.28"]
[Round "9.8"]
[White "Gergen, Harald"]
[Black "Martin, Johann"]
[Result "1-0"]
[WhiteElo "2030"]
[BlackElo "1800"]
[PlyCount "57"]
[EventDate "2001.10.07"]
[EventType "team-tourn"]
[EventRounds "9"]
[EventCountry "GER"]
[SourceTitle "EXT 2003"]
[Source "ChessBase"]
[SourceDate "2002.11.25"]
[SourceVersion "1"]
[SourceVersionDate "2002.11.25"]
[SourceQuality "1"]
[WhiteTeam "Kriegshaber"]
[BlackTeam "Waldkirch"]
[WhiteTeamCountry "GER"]
[BlackTeamCountry "GER"]

1. e4 c5 2. Nf3 Nc6 3. d4 cxd4 4. Nxd4 Nf6 5. Nc3 e5 6. Ndb5 d6 7. Bg5 a6 8. Bxf6 gxf6 9. Na3 b5 10. Nd5 Bg7 11. Bd3 Ne7 12. Nxe7 Qxe7 13. 0-0 0-0 14. c4 f5 15. Qe2 Bb7 16. f3 bxc4 17. Nxc4 fxe4 18. fxe4 d5 19. Ne3 dxe4 20. Nf5 Qg5 21. Bxe4 Rab8 22. Rf3 Kh8 23. Raf1 Rg8 24. Nd6 Rgf8 25. Bxb7 e4 26. Nxf7+ Rxf7 27. Rxf7 Bd4+ 28. Kh1 Rg8 29. Bxe4 1-0

[Event "Landesliga Sued 0102"]
[Site "Bayern"]
[Date "2001.11.25"]
[Round "3.8"]
[White "Foerch, August"]
[Black "Gergen, Harald"]
[Result "1/2-1/2"]
[WhiteElo "2000"]
[BlackElo "2030"]
[PlyCount "31"]
[EventDate "2001.10.07"]
[EventType "team-tourn"]
[EventRounds "9"]
[EventCountry "GER"]
[SourceTitle "EXT 2003"]
[Source "ChessBase"]
[SourceDate "2002.11.25"]
[SourceVersion "1"]
[SourceVersionDate "2002.11.25"]
[SourceQuality "1"]
[WhiteTeam "Tuerkheim/Bad Woerishofen"]
[BlackTeam "Kriegshaber"]
[WhiteTeamCountry "GER"]
[BlackTeamCountry "GER"]

1. d4 d5 2. Nf3 Nf6 3. Bf4 e6 4. e3 Bd6 5. Bg3 0-0 6. Bd3 c5 7. c3 Nc6 8. Nbd2 Qe7 9. Bxd6 Qxd6 10. 0-0 e5 11. dxe5 Nxe5 12. Nxe5 Qxe5 13. Qf3 Rd8 14. Rfe1 Bg4 15. Qg3 Qxg3 16. hxg3 1/2-1/2

[Event "Landesliga Sued 0001"]
[Site "Bayern"]
[Date "2001.03.11"]
[Round "7"]
[White "Gergen, Harald"]
[Black "Schlosser, Andree"]
[Result "1/2-1/2"]
[WhiteElo "2045"]
[BlackElo "2130"]
[PlyCount "93"]
[EventDate "2000.10.15"]
[EventType "team-tourn"]
[EventRounds "9"]
[EventCountry "GER"]
[SourceTitle "EXT 2020"]
[Source "ChessBase"]
[SourceDate "2019.10.17"]
[SourceVersion "1"]
[SourceVersionDate "2019.10.17"]
[SourceQuality "1"]
[WhiteTeam "Kriegshaber SK"]
[BlackTeam "Fuerstenfeldbruck TuS"]
[WhiteTeamCountry "GER"]
[BlackTeamCountry "GER"]

1. e4 e5 2. Nf3 d6 3. d4 Nd7 4. Nc3 Ngf6 5. Bc4 Be7 6. 0-0 0-0 7. Re1 c6 8. a4 b6 9. h3 Bb7 10. d5 cxd5 11. Nxd5 Rc8 12. b3 Nxd5 13. Bxd5 Bxd5 14. exd5 Bf6 15. Bb2 Re8 16. c4 a5 17. Nd2 g6 18. Ne4 Be7 19. Ra2 f5 20. Nc3 Bf8 21. Nb5 Qg5 22. Bc1 Qf6 23. f4 exf4 24. Bxf4 Nc5 25. Rae2 Rxe2 26. Rxe2 Ne4 27. Be3 Rb8 28. Qe1 Bg7 29. Bf4 Rd8 30. Be3 Rb8 31. Bf4 Bf8 32. Bc1 Qa1 33. Bf4 Qxe1+ 34. Rxe1 Kf7 35. Kf1 g5 36. Bc1 Re8 37. Nd4 Kg6 38. Ne6 Bg7 39. Nxg7 Kxg7 40. Bxg5 Ng3+ 41. Kf2 Ne4+ 42. Kg1 Kf7 43. Bf4 h5 44. Re2 Rg8 45. Kf1 Ng3+ 46. Bxg3 Rxg3 47. Re6 1/2-1/2

[Event "Landesliga Sued 0001"]
[Site "Bayern"]
[Date "2001.01.14"]
[Round "4"]
[White "Zach, Andreas"]
[Black "Gergen, Harald"]
[Result "1-0"]
[WhiteElo "2260"]
[BlackElo "2045"]
[PlyCount "71"]
[EventDate "2000.10.15"]
[EventType "team-tourn"]
[EventRounds "9"]
[EventCountry "GER"]
[SourceTitle "EXT 2020"]
[Source "ChessBase"]
[SourceDate "2019.10.17"]
[SourceVersion "1"]
[SourceVersionDate "2019.10.17"]
[SourceQuality "1"]
[WhiteTeam "Groebenzell"]
[BlackTeam "Kriegshaber SK"]
[WhiteTeamCountry "GER"]
[BlackTeamCountry "GER"]

1. d4 d5 2. Bf4 Nf6 3. e3 e6 4. Nd2 c5 5. c3 Nc6 6. a3 cxd4 7. cxd4 Bd6 8. Bxd6 Qxd6 9. f4 Bd7 10. Bd3 0-0-0 11. Qe2 Kb8 12. Ngf3 Ng8 13. b4 Nh6 14. 0-0 f6 15. b5 Na5 16. Rfb1 Rc8 17. Nb3 Nxb3 18. Rxb3 Qb6 19. Rab1 Rc7 20. Qd2 Qd6 21. b6 axb6 22. Rxb6 Qxa3 23. R6b3 Qd6 24. Qb2 Bc6 25. Ra3 Nf7 26. Nd2 e5 27. Bf5 exf4 28. Qa2 b5 29. Ra1 Re7 30. Ra8+ Bxa8 31. Qxa8+ Kc7 32. Ra7+ Kb6 33. Ra6+ Kc7 34. Qa7+ Kd8 35. Rxd6+ Nxd6 36. Qb8+ 1-0

[Event "Landesliga Sued 0001"]
[Site "Bayern"]
[Date "2000.12.10"]
[Round "3"]
[White "Gergen, Harald"]
[Black "Walch, Ingo"]
[Result "0-1"]
[WhiteElo "2045"]
[BlackElo "1974"]
[PlyCount "108"]
[EventDate "2000.10.15"]
[EventType "team-tourn"]
[EventRounds "9"]
[EventCountry "GER"]
[SourceTitle "EXT 2020"]
[Source "ChessBase"]
[SourceDate "2019.10.17"]
[SourceVersion "1"]
[SourceVersionDate "2019.10.17"]
[SourceQuality "1"]
[WhiteTeam "Kriegshaber SK"]
[BlackTeam "Pfarrkirchen SC"]
[WhiteTeamCountry "GER"]
[BlackTeamCountry "GER"]

1. e4 g6 2. d4 d6 3. Nc3 Bg7 4. Nf3 c6 5. Be2 Nd7 6. 0-0 Qc7 7. a4 a5 8. Re1 Ngf6 9. h3 0-0 10. Be3 e5 11. Qd2 Re8 12. d5 cxd5 13. exd5 b6 14. Nb5 Qb8 15. c4 Ne4 16. Qc2 Ndc5 17. Nd2 f5 18. Nxe4 Nxe4 19. Ra3 Bd7 20. Rb3 Rc8 21. Bf1 Nc5 22. Ra3 Bxb5 23. axb5 f4 24. Bxc5 Rxc5 25. Qe4 Rc8 26. h4 Qb7 27. Rea1 Rf8 28. Be2 Bh6 29. h5 gxh5 30. Bxh5 Qg7 31. b4 f3 32. Rxf3 axb4 33. Rxa8 Rxa8 34. Rf7 Ra1+ 35. Kh2 Bf4+ 36. g3 Qh6 37. Qf5 Ra8 38. Qg4+ Qg5 39. Qxg5+ Bxg5 40. Rf3 Ra3 41. Rf5 Be7 42. Bd1 Rd3 43. Ba4 b3 44. c5 bxc5 45. b6 b2 46. Bc2 Rb3 47. Bb1 c4 48. Rh5 Rxb6 49. Rxh7 Rb7 50. Kg2 Ra7 51. Rh1 Ra1 52. f4 exf4 53. gxf4 Rxb1 54. Rxb1 c3 0-1

[Event "Landesliga Sued 9900"]
[Site "Bayern"]
[Date "2000.03.26"]
[Round "8.3"]
[White "Gergen, Harald"]
[Black "Lang, Zalan Andreas"]
[Result "0-1"]
[WhiteElo "2050"]
[BlackElo "2200"]
[PlyCount "92"]
[EventDate "1999.10.10"]
[EventType "team-tourn"]
[EventRounds "9"]
[EventCountry "GER"]
[SourceTitle "EXT 2020"]
[Source "ChessBase"]
[SourceDate "2019.10.17"]
[SourceVersion "1"]
[SourceVersionDate "2019.10.17"]
[SourceQuality "1"]
[WhiteTeam "Kriegshaber SK"]
[BlackTeam "Haunstetten TSV"]
[WhiteTeamCountry "GER"]
[BlackTeamCountry "GER"]

1. e4 e5 2. Nf3 Nc6 3. Bc4 Bc5 4. b4 Bxb4 5. c3 Be7 6. Qb3 Nh6 7. d4 Na5 8. Qb5 Nxc4 9. Bxh6 gxh6 10. Qxc4 exd4 11. cxd4 c6 12. Nc3 Qa5 13. 0-0 b5 14. Qb3 Qa3 15. Qxa3 Bxa3 16. Rfe1 Bb2 17. Ne2 Bxa1 18. Rxa1 d6 19. Nd2 Bd7 20. f4 Ke7 21. Kf2 a5 22. Ke3 Rhg8 23. g3 h5 24. Re1 b4 25. d5 c5 26. Nf3 f6 27. Rc1 Bg4 28. Neg1 Bxf3 29. Nxf3 a4 30. e5 fxe5 31. fxe5 Rg4 32. e6 b3 33. axb3 axb3 34. Rb1 Rb4 35. Nh4 Rf8 36. Nf3 b2 37. Nd2 Ra8 38. Kd3 Ra1 39. Kc2 Rxb1 40. Nxb1 h4 41. gxh4 Rxh4 42. Kxb2 Rxh2+ 43. Kc3 Rh3+ 44. Kc4 Rh4+ 45. Kb3 Rb4+ 46. Kc2 Rxb1 0-1

[Event "Landesliga Sued 9900"]
[Site "Bayern"]
[Date "2000.01.30"]
[Round "5.3"]
[White "Gergen, Harald"]
[Black "Epding, Olaf"]
[Result "1/2-1/2"]
[WhiteElo "2050"]
[BlackElo "2210"]
[PlyCount "92"]
[EventDate "1999.10.10"]
[EventType "team-tourn"]
[EventRounds "9"]
[EventCountry "GER"]
[SourceTitle "EXT 2020"]
[Source "ChessBase"]
[SourceDate "2019.10.17"]
[SourceVersion "1"]
[SourceVersionDate "2019.10.17"]
[SourceQuality "1"]
[WhiteTeam "Kriegshaber SK"]
[BlackTeam "Muenchen Siemens"]
[WhiteTeamCountry "GER"]
[BlackTeamCountry "GER"]

1. e4 c5 2. Nf3 Nc6 3. d4 cxd4 4. Nxd4 Nf6 5. Nc3 d6 6. Bg5 e6 7. Qd2 a6 8. 0-0-0 Bd7 9. Kb1 b5 10. f3 Qc7 11. g4 h5 12. gxh5 Nxh5 13. Nxc6 Bxc6 14. Bd3 Nf6 15. Rhe1 Be7 16. h4 Qb7 17. Ne2 d5 18. e5 Nh5 19. Nd4 Rc8 20. Rg1 Bc5 21. Be3 Qe7 22. a4 Bxd4 23. Bxd4 Qxh4 24. axb5 axb5 25. Bc5 Bd7 26. Bd6 Bc6 27. Rh1 Qd8 28. Qg2 Kd7 29. Qg4 g6 30. Ba3 Qa5 31. c3 Kc7 32. Bxg6 fxg6 33. Qxg6 Kb8 34. Qxe6 Bb7 35. Qg4 Qa4 36. Rd4 Rc4 37. Rxh5 Rxh5 38. Qxh5 Rxd4 39. Qe8+ Kc7 40. cxd4 Qxd4 41. e6 Bc6 42. Qe7+ Kb6 43. Qd8+ Kb7 44. e7 b4 45. Bxb4 Ba4 46. e8Q Qd1+ 1/2-1/2

[Event "Landesliga Sued 9899"]
[Site "Bayern"]
[Date "1999.05.09"]
[Round "8.5"]
[White "Reisch, Stefan"]
[Black "Gergen, Harald"]
[Result "1-0"]
[WhiteElo "2140"]
[BlackElo "2055"]
[PlyCount "55"]
[EventDate "1998.11.10"]
[EventType "team-tourn"]
[EventRounds "9"]
[EventCountry "GER"]
[SourceTitle "EXT 2020"]
[Source "ChessBase"]
[SourceDate "2019.10.17"]
[SourceVersion "1"]
[SourceVersionDate "2019.10.17"]
[SourceQuality "1"]
[WhiteTeam "Haunstetten TSV"]
[BlackTeam "Kriegshaber SK"]
[WhiteTeamCountry "GER"]
[BlackTeamCountry "GER"]

1. Nf3 c5 2. c4 g6 3. g3 Bg7 4. Bg2 Nc6 5. Nc3 Nh6 6. 0-0 Nf5 7. e3 h5 8. Ne2 e5 9. d4 cxd4 10. exd4 exd4 11. Rb1 0-0 12. b4 d6 13. Bg5 Qb6 14. Nf4 Be6 15. Nd5 Bxd5 16. cxd5 Ne5 17. Nd2 h4 18. Bh3 f6 19. Bxf5 fxg5 20. Be6+ Kh7 21. f4 Nf7 22. Ne4 Qd8 23. Bxf7 Rxf7 24. Nxg5+ Kg8 25. Nxf7 Kxf7 26. Qg4 Qc8 27. f5 gxf5 28. Rxf5+ 1-0

[Event "Landesliga Sued 9899"]
[Site "Bayern"]
[Date "1999.02.07"]
[Round "5.5"]
[White "Schoenbauer, Max"]
[Black "Gergen, Harald"]
[Result "0-1"]
[WhiteElo "2035"]
[BlackElo "2055"]
[PlyCount "60"]
[EventDate "1998.11.10"]
[EventType "team-tourn"]
[EventRounds "9"]
[EventCountry "GER"]
[SourceTitle "EXT 2020"]
[Source "ChessBase"]
[SourceDate "2019.10.17"]
[SourceVersion "1"]
[SourceVersionDate "2019.10.17"]
[SourceQuality "1"]
[WhiteTeam "Muenchen FC Bayern II"]
[BlackTeam "Kriegshaber SK"]
[WhiteTeamCountry "GER"]
[BlackTeamCountry "GER"]

1. g3 d5 2. Bg2 c6 3. Nf3 Bg4 4. d3 Nd7 5. Nbd2 e6 6. 0-0 Bd6 7. b3 Ngf6 8. Bb2 0-0 9. c4 Qe7 10. Qc1 Rfe8 11. a3 a5 12. Re1 e5 13. e4 d4 14. Nh4 Nc5 15. Qc2 Qd7 16. b4 axb4 17. axb4 Na6 18. c5 Nxb4 19. Qc4 Bxc5 20. Qxc5 Nxd3 21. Qc2 Nxe1 22. Rxe1 Qc7 23. Bf1 Be6 24. Nhf3 h6 25. Nc4 Nd7 26. Rc1 Rec8 27. Na3 b6 28. Bc4 Qd6 29. Bxe6 Qxe6 30. Nc4 b5 0-1